Sink - Noah Kahan (All Lyrics) - Statistics

General Stats
  • This quiz has been taken 51 times
  • The average score is 205 of 246
Answer Stats
Lyrics % Correct
goodbye
100%
Oh,
100%
Oh
100%
oh,
100%
say
100%
she
100%
So
100%
to
100%
a
95%
And
95%
and
95%
goodnight
95%
I
95%
I'll
95%
only
95%
says
95%
she's
95%
sink
95%
the
95%
be
89%
goes,
89%
goes
89%
hates
89%
ship
89%
sleep
89%
When
89%
when
89%
again
84%
can
84%
in
84%
is
84%
need
84%
never
84%
no,
84%
rest
84%
sunset
84%
tell
84%
west
84%
you,
84%
closed
79%
eye
79%
for
79%
it's
79%
one
79%
sleeps
79%
though
79%
with
79%
alone
74%
behind
74%
comes
74%
harder
74%
have
74%
if
74%
know
74%
look
74%
my
74%
tries
74%
would
74%
yet
74%
grown
68%
lie
63%
myself
63%
promises
63%
saved
63%
stop
63%
stops
63%
summer
63%
But
58%
don't
58%
let
58%
me
58%
which
58%
write
58%
head
53%
very
53%
blood
47%
High
47%
hopes
47%
last
47%
long
47%
rush
47%
tread
47%
neck
42%
path
37%
seem
37%
shiver
37%
slows
37%
Time
37%
up
37%
they
32%
roads,
26%
Winding
26%
talk
21%
yeah,
21%
No matching quizzes found
Score Distribution
Percent of People with Each Score
Percentile by Number Answered
Your Score History
You have not taken this quiz